| 000 | 00495nam a2200121Ia 4500 | ||
|---|---|---|---|
| 008 | 220620s9999||||xx |||||||||||||| ||und|| | ||
| 100 | _aBranisa Caballero, Boris | ||
| 245 | 0 | _aSocial Institutions, Gender Inequality, and Regional Convergence in Developing Countries | |
| 546 | _aEnglish[eng] | ||
| 650 | _aPersonal finance||Economics||International relations||Gender studies: women and girls | ||
| 856 | _uhttps://library.oapen.org/bitstream/20.500.12657/42232/1/9783631753545.pdf | ||
| 942 | _cEB | ||
| 999 |
_c22597 _d22597 |
||